Dynamizácia inovačných procesov

Na minha lista:
Detalhes bibliográficos
Autor principal: Matloňová, Zuzana, 1982-
Formato: Capítulo de Livro
Idioma:eslovaco
Tags: Adicionar Tag
Sem tags, seja o primeiro a adicionar uma tag!

MARC

LEADER 00000naa$a2200000$$$4500
001 0143545
005 20240522074611.9
041 0 |a slo 
044 |a SK 
245 1 0 |a Dynamizácia inovačných procesov  |c Zuzana Matloňová 
100 1 |a Matloňová, Zuzana, 1982-